<?xml version='1.0' encoding='UTF-8'?>
  <record xmlns="http://www.loc.gov/MARC21/slim">
    <leader>00000ces a2200000 i 4500</leader>
    <controlfield tag="001">ocn920125034</controlfield>
    <controlfield tag="003">OCoLC</controlfield>
    <controlfield tag="005">20240210061653.1</controlfield>
    <controlfield tag="007">au cuuun</controlfield>
    <controlfield tag="008">150904d19501971be        u     0   und d</controlfield>
    <datafield tag="040" ind1=" " ind2=" ">
      <subfield code="a">NLGGC</subfield>
      <subfield code="b">dut</subfield>
      <subfield code="c">NLGGC</subfield>
      <subfield code="e">fobidrtb</subfield>
      <subfield code="d">NLGGC</subfield>
      <subfield code="d">OCLCL</subfield>
    </datafield>
    <datafield tag="029" ind1="0" ind2=" ">
      <subfield code="a">NLGGC</subfield>
      <subfield code="b">395909473</subfield>
    </datafield>
    <datafield tag="035" ind1=" " ind2=" ">
      <subfield code="a">(OCoLC)920125034</subfield>
    </datafield>
    <datafield tag="084" ind1=" " ind2=" ">
      <subfield code="a">74.37</subfield>
      <subfield code="2">bcl</subfield>
    </datafield>
    <datafield tag="245" ind1="0" ind2="0">
      <subfield code="a">Bodemkaart van België =</subfield>
      <subfield code="b">Carte des sols de la Belgique /</subfield>
      <subfield code="c">uitg. door het Comité voor het opnemen van de Bodemkaart en de Vegetatiekaart van België = éd. par le Comité pour l'établissement de la carte des sols et de la végétation de la Belgique ; onder de auspiciën van het Instituut tot aanmoediging van het Wetenschappelijk Onderzoek in Nijverheid en Landbouw [I.W.O.N.L.] = sous les auspices de l'Institut pour l'Encouragement de la Recherche Scientifique dans l'Industrie et l'Agriculture ; opgenomen door J. Ameryckx...[et al.] ; [onder leiding van R. Tavernier....[et al.]</subfield>
    </datafield>
    <datafield tag="246" ind1="3" ind2=" ">
      <subfield code="a">Carte des sols de la Belgique</subfield>
    </datafield>
    <datafield tag="255" ind1=" " ind2=" ">
      <subfield code="a">Schaal 1: 20.000.</subfield>
    </datafield>
    <datafield tag="260" ind1=" " ind2=" ">
      <subfield code="a">Brussel :</subfield>
      <subfield code="b">[Militair Geografisch Instituut = Institut géographique militaire [etc.],</subfield>
      <subfield code="c">1950-1971.</subfield>
    </datafield>
    <datafield tag="300" ind1=" " ind2=" ">
      <subfield code="a">1 krtser. in 458 bl. :</subfield>
      <subfield code="b">in kleur. ;</subfield>
      <subfield code="c">elk 42 x 52 cm.</subfield>
    </datafield>
    <datafield tag="336" ind1=" " ind2=" ">
      <subfield code="a">cartografische afbeelding</subfield>
      <subfield code="b">cri</subfield>
      <subfield code="2">rdacontent/dut</subfield>
    </datafield>
    <datafield tag="337" ind1=" " ind2=" ">
      <subfield code="a">zonder medium</subfield>
      <subfield code="b">n</subfield>
      <subfield code="2">rdamedia/dut</subfield>
    </datafield>
    <datafield tag="338" ind1=" " ind2=" ">
      <subfield code="a">vel</subfield>
      <subfield code="b">nb</subfield>
      <subfield code="2">rdacarrier/dut</subfield>
    </datafield>
    <datafield tag="500" ind1=" " ind2=" ">
      <subfield code="a">Met toelichting o.d.t.: Verklarende tekst bij kaartblad = Texte explicatif de la planchette.</subfield>
    </datafield>
    <datafield tag="700" ind1="1" ind2=" ">
      <subfield code="a">Ameryckx, J.</subfield>
    </datafield>
    <datafield tag="700" ind1="1" ind2=" ">
      <subfield code="a">Tavernier, René.</subfield>
    </datafield>
    <datafield tag="710" ind1="2" ind2=" ">
      <subfield code="a">Comité pour l'établissement de la carte des sols et de la végétation de la Belgique.</subfield>
    </datafield>
    <datafield tag="710" ind1="2" ind2=" ">
      <subfield code="a">Institut pour l'Encouragement de la Recherche Scientifique dans l'Industrie et l'Agriculture (Belgique)</subfield>
    </datafield>
    <datafield tag="710" ind1="2" ind2=" ">
      <subfield code="a">Militair Geografisch Instituut (België)</subfield>
    </datafield>
    <datafield tag="758" ind1=" " ind2=" ">
      <subfield code="a">Bodemkaart van België (CartographicMaterial)</subfield>
      <subfield code="1">https://id.oclc.org/worldcat/entity/E39PD3R6tQphGh3vWWBgdqcvDy</subfield>
      <subfield code="4">https://id.oclc.org/worldcat/ontology/hasWork</subfield>
    </datafield>
  </record>